| 000 | 00957cab a2200301 4500 | ||
|---|---|---|---|
| 001 | WB3412-40 | ||
| 008 | 090401t1998 xxu||||| |||| 00| 0 eng d | ||
| 035 | _a(Sirsi) u85155 | ||
| 041 | _aeng | ||
| 245 | _aArchitect`s duties | ||
| 260 | _c1998 | ||
| 350 | _a0 | ||
| 490 |
_aRIBA Journal _v105(3) March 1998, 87(1) |
||
| 520 | _aThe recent case of "Tesco Stores Ltd v Norman Hitchcox Partnerships" [1988] 56 ELR examined the scope of an architect`s duties with regard to defective design by other professionals. | ||
| 650 | _aARCHITECTS | ||
| 650 | _aCHESHAM PROPERTIES LTD V BUCKNALL AUSTIN PROJECT MANAGEMENT SERVICES L | ||
| 650 | _aDEFECTS | ||
| 650 | _aDESIGN | ||
| 650 | _aDUTY IN CONTRACT | ||
| 650 | _aDUTY OF CARE | ||
| 650 | _aFIT-OUT WORKS | ||
| 650 | _aRIBA | ||
| 650 | _aSUPERVISION | ||
| 650 | _aTESCO STORES LTD V NORMAN HITCHCOX PARTNERSHIP | ||
| 690 | _aPROFESSIONAL PRACTICE | ||
| 942 | _n0 | ||
| 948 | _c24/03/1998 | ||
| 999 |
_c53535 _d53535 |
||